[Event "Candidats final"]
[Site "Moscow"]
[Date "1974.??.??"]
[Round "16"]
[White "Karpov, Anatoly"]
[Black "Kortschnoj, Viktor"]
[Result "1/2-1/2"]
[WhiteElo "2700"]
[BlackElo "2670"]
[PlyCount "134"]
[EventDate "1974.09.16"]
[Source "ChessBase"]

1. e4 e6 2. d4 d5 3. Nd2 c5 4. exd5 exd5 5. Ngf3 Nc6 6. Bb5 Bd6 7. O-O cxd4 8. Nb3 Nge7 9. Nbxd4 O-O 10. c3 Bg4 11. Qa4 Qd7 12. Be3 a6 13. Be2 Nxd4 14. Qxd4 Nc6 15. Qd2 Rfe8 16. Rad1 Rad8 17. Bb6 Bc7 18. Bxc7 Qxc7 19. Rfe1 h6 20. h3 Bf5 21. Bf1 Rxe1 22. Qxe1 Qb6 23. Rd2 Be4 24. Qe2 Na5 25. Qd1 Qf6 26. Nh2 Qb6 27. Nf3 Nc6 28. Nd4 Ne5 29. f3 Bg6 30. Qe1 Nd7 31. Qf2 Qa5 32. a3 Qc7 33. Nb3 Bf5 34. Nd4 Bg6 35. Nc2 Nf6 36. Ne3 Qe5 37. c4 b5 38. cxd5 h5 39. a4 Re8 40. axb5 axb5 41. Bxb5 Qxe3 42. Bxe8 Qxe8 43. d6 Bf5 44. Rd1 Qb5 45. Qd4 Nd7 46. Re1 Be6 47. Kh2 Qg5 48. h4 Qd8 49. b4 Nf6 50. Qe5 Ne8 51. Re4 Qxd6 52. Qxd6 Nxd6 53. Rd4 Nb7 54. g4 Kh7 55. Kg3 Kg6 56. Kf4 hxg4 57. fxg4 f6 58. Rd1 Kh6 59. Rd4 Kg6 60. h5+ Kh6 61. b5 g6 62. hxg6 Kxg6 63. b6 Kf7 64. Rd2 Ke7 65. Rc2 Bd5 66. Rc7+ Ke6 67. Rh7 Nd6 1/2-1/2

[Event "ARM-ROW Match"]
[Site "Moscow"]
[Date "2004.06.12"]
[Round "3"]
[White "Adams, Michael"]
[Black "Lputian, Smbat G"]
[Result "1/2-1/2"]
[WhiteElo "2731"]
[BlackElo "2634"]
[PlyCount "65"]
[EventDate "2004.06.10"]
[Source "Roberto Alvarez"]
[SourceDate "2004.06.07"]

1. e4 e6 2. d4 d5 3. Nd2 c5 4. exd5 exd5 5. Ngf3 Nc6 6. Bb5 Bd6 7. dxc5 Bxc5 8. O-O Nge7 9. Nb3 Bd6 10. Re1 O-O 11. Bd3 h6 12. h3 Nf5 13. c3 Qf6 14. Bc2 Rd8 15. Qd3 g6 16. Qd2 Bf8 17. Qf4 Bg7 18. h4 Qd6 19. Bd2 Be6 20. Rad1 Qxf4 21. Bxf4 d4 22. Bxf5 Bxb3 23. axb3 gxf5 24. Nxd4 Nxd4 25. cxd4 Bxd4 26. Bxh6 Bxb2 27. Rxd8+ Rxd8 28. Re7 Rd1+ 29. Kh2 Bd4 30. Be3 Bxe3 31. fxe3 Rd3 32. Rxb7 Rxe3 33. Rxa7 1/2-1/2

[Event "Bruxelles (m/1)"]
[Site "?"]
[Date "1991.??.??"]
[Round "?"]
[White "Ivanchuk, V."]
[Black "Yusupov, A."]
[Result "1/2-1/2"]
[WhiteElo "2735"]
[BlackElo "2625"]
[PlyCount "99"]
[EventDate "1991.??.??"]
[Source "ChessBase"]
[SourceDate "1991.06.01"]

1. e4 e6 2. d4 d5 3. Nd2 c5 4. exd5 exd5 5. Ngf3 Nc6 6. Bb5 Bd6 7. dxc5 Bxc5 8. Nb3 Bd6 9. O-O Nge7 10. Re1 O-O 11. Bg5 Bg4 12. Bh4 Re8 13. Bg3 Bxg3 14. hxg3 Qb6 15. a4 h6 16. Qd2 Bxf3 17. gxf3 Rad8 18. f4 a6 19. Bf1 Rd6 20. a5 Qc7 21. Nc5 h5 22. Ra3 h4 23. g4 Rf6 24. Nd3 Nd4 25. Ne5 Nec6 26. Nxc6 Rxe1 27. Nxd4 Re4 28. Nf5 Rxf4 29. f3 R4xf5 30. gxf5 Rxf5 31. Rc3 Qg3+ 32. Qg2 Qe1 33. Kh2 Qe5+ 34. Kh1 Rg5 35. Qf2 Qf4 36. Rd3 Rg3 37. Rd4 Qg5 38. Rg4 Rxg4 39. fxg4 Qxg4 40. Bd3 g6 41. Qe3 Qa4 42. Qb6 Kg7 43. b4 Qa1+ 44. Kg2 Qe5 45. Qf2 g5 46. Qf3 Qd4 47. Qf5 Qe3 48. Qh7+ Kf8 49. Qh6+ Ke7 50. Qh5 1/2-1/2

[Event "Bruxelles (m/7)"]
[Site "?"]
[Date "1991.??.??"]
[Round "?"]
[White "Ivanchuk, V."]
[Black "Yusupov, A."]
[Result "1/2-1/2"]
[WhiteElo "2735"]
[BlackElo "2625"]
[PlyCount "123"]
[EventDate "1991.??.??"]
[Source "ChessBase"]
[SourceDate "1991.06.01"]

1. e4 e6 2. d4 d5 3. Nd2 c5 4. exd5 exd5 5. Ngf3 Nc6 6. Bb5 Bd6 7. dxc5 Bxc5 8. O-O Nge7 9. Nb3 Bd6 10. Re1 O-O 11. Bg5 Qc7 12. c3 a6 13. Be2 Bd7 14. Be3 Nd8 15. Qd4 Nf5 16. Qxd5 Nxe3 17. fxe3 Bc6 18. Qa5 Qe7 19. Qg5 f6 20. Bc4+ Kh8 21. Qh5 g6 22. Qh3 Bd7 23. Qh4 g5 24. Qf2 Nc6 25. Rad1 Rad8 26. Bd5 Bb8 27. Nbd4 f5 28. e4 fxe4 29. Nxc6 Bxc6 30. Qd4+ Rf6 31. Rxe4 Qg7 32. Rde1 h6 33. c4 Bd6 34. Kh1 Bb4 35. Qb6 Qf8 36. Qd4 Bxe1 37. Rxe1 Bxd5 38. cxd5 Kg8 39. h4 Rxf3 40. gxf3 Qxf3+ 41. Kh2 Rxd5 42. Qc4 Qf2+ 43. Kh3 Qf3+ 44. Kh2 Kg7 45. Re2 Kg6 46. Rg2 Qf5 47. hxg5 Qe5+ 48. Kh3 Qe6+ 49. Kh2 Qe5+ 50. Kh3 Qe6+ 51. Kh2 hxg5 52. Rf2 Kh5 53. Qc2 Qd6+ 54. Kg2 Qd7 55. Kh2 Rd3 56. Qe2+ Kh6 57. Rf6+ Kg7 58. Re6 Qc7+ 59. Kh1 Rh3+ 60. Kg1 Qg3+ 61. Qg2 Kf7 62. Rb6 1/2-1/2

[Event "Novgorod"]
[Site "Novgorod"]
[Date "1995.??.??"]
[Round "3"]
[White "Ivanchuk, Vassily"]
[Black "Vaganian, Rafael A"]
[Result "1-0"]
[WhiteElo "2700"]
[BlackElo "2640"]
[PlyCount "137"]
[EventDate "1995.05.??"]
[Source "ChessBase"]

1. e4 e6 2. d4 d5 3. Nd2 c5 4. exd5 exd5 5. Bb5+ Nc6 6. Ngf3 Bd6 7. dxc5 Bxc5 8. Nb3 Bd6 9. O-O Nge7 10. Re1 O-O 11. Bg5 Bg4 12. Bh4 Re8 13. Bg3 Bxg3 14. hxg3 Qb6 15. a4 h5 16. Qd3 Bf5 17. Qd2 Be4 18. Nfd4 Nxd4 19. Qxd4 Nc6 20. Qxb6 axb6 21. Re2 Kf8 22. Rd1 Bf5 23. Red2 Red8 24. f3 g6 25. Kf2 Ke7 26. c3 Be6 27. Nd4 Nxd4 28. Rxd4 Rdc8 29. Rb4 Rc5 30. Bd3 Rc6 31. Bc2 Ra5 32. Bb3 Rd6 33. Rd2 g5 34. Rd1 f6 35. Bc2 Bf7 36. Rbd4 b5 37. b4 Ra8 38. a5 Rc8 39. Bd3 Rxc3 40. Bxb5 Rc2+ 41. R1d2 Rxd2+ 42. Rxd2 d4 43. Bd3 Kd8 44. b5 Be6 45. Rc2 Bc8 46. Rc5 b6 47. axb6 Rxb6 48. Rd5+ Kc7 49. Rxd4 Bd7 50. Rc4+ Kd6 51. Rc1 Rb7 52. Rb1 Kc5 53. Ke3 Ra7 54. Rc1+ Kb6 55. Ke4 Ra2 56. Bf1 Rf2 57. Rb1 Ra2 58. Rd1 Ra4+ 59. Kd5 g4 60. Kd6 Bc8 61. Ke7 gxf3 62. gxf3 f5 63. Rd6+ Kb7 64. f4 h4 65. Bg2+ Kb8 66. gxh4 Rxf4 67. h5 Rg4 68. Rg6 Bb7 69. Rxg4 1-0

[Event "FRA Ch Top 16 Poule Haute"]
[Site "?"]
[Date "2005.05.04"]
[Round "8"]
[White "Adams Michael"]
[Black "Jussupow Artur"]
[Result "1-0"]
[WhiteElo "2737"]
[BlackElo "2601"]
[PlyCount "63"]
[EventDate "2005.??.??"]
[Source "www.chesslib.no"]
[SourceDate "2004.05.04"]

1. e4 e6 2. d4 d5 3. Nd2 c5 4. exd5 exd5 5. Ngf3 Nc6 6. Bb5 Bd6 7. dxc5 Bxc5 8. O-O Nge7 9. Nb3 Bd6 10. Re1 O-O 11. Bd3 h6 12. h3 Nf5 13. c3 Qf6 14. Bc2 Rd8 15. Qd3 g6 16. Qd2 Bf8 17. Qf4 Bg7 18. Bd2 g5 19. Qh2 b6 20. Rad1 Ba6 21. Bxf5 Qxf5 22. Be3 Bc4 23. Nbd4 Bxd4 24. Nxd4 Nxd4 25. Bxd4 Re8 26. Qc7 Bxa2 27. Qc6 Rf8 28. Qxh6 f6 29. Re7 Rf7 30. Rde1 Raf8 31. Rxf7 Kxf7 32. g4 1-0

[Event "Dortmund"]
[Site "?"]
[Date "1995.??.??"]
[Round "?"]
[White "Ivanchuk, V."]
[Black "Lobron, E."]
[Result "1/2-1/2"]
[WhiteElo "2740"]
[BlackElo "2595"]
[PlyCount "33"]
[EventDate "1995.??.??"]
[Source "ChessBase"]
[SourceDate "1995.06.01"]

1. e4 c5 2. Nf3 e6 3. c3 d5 4. exd5 exd5 5. d4 Nc6 6. Bb5 Bd6 7. dxc5 Bxc5 8. O-O Nge7 9. Nbd2 O-O 10. Nb3 Bb6 11. Re1 Nf5 12. Bd3 h6 13. Bc2 Qd6 14. Qd3 Rd8 15. Be3 Bxe3 16. fxe3 g6 17. e4 1/2-1/2

[Event "PCA/Intel-GP"]
[Site "London"]
[Date "1994.??.??"]
[Round "2"]
[White "Anand, Viswanathan"]
[Black "Kortschnoj, Viktor"]
[Result "1/2-1/2"]
[WhiteElo "2720"]
[BlackElo "2615"]
[PlyCount "103"]
[EventDate "1994.08.??"]
[Source "ChessBase"]

1. e4 e6 2. d4 d5 3. Nd2 c5 4. exd5 exd5 5. Ngf3 Nc6 6. Bb5 Bd6 7. dxc5 Bxc5 8. O-O Nge7 9. Nb3 Bb6 10. Re1 O-O 11. Be3 Bg4 12. Bxb6 axb6 13. h3 Bh5 14. c3 Qd6 15. Be2 Rad8 16. Nfd4 Bg6 17. Qd2 Ne5 18. Rad1 Be4 19. f3 Bg6 20. Bf1 Nc8 21. Qf2 h6 22. f4 Nc6 23. f5 Bh7 24. Nb5 Qf6 25. N3d4 h5 26. Be2 h4 27. Bg4 N8e7 28. Nf3 Nxf5 29. Bxf5 Bxf5 30. Nxh4 Be4 31. Qxf6 gxf6 32. Rf1 Ra8 33. a3 Ra5 34. Nd4 Nxd4 35. Rxd4 Kg7 36. Nf5+ Kg6 37. Nd6 f5 38. Nxb7 Ra7 39. Nd6 Re7 40. Nb5 Rg8 41. Rd2 Kh6 42. Nd4 Rg5 43. Kh2 Re8 44. Nf3 Rg7 45. Nd4 Rg5 46. Rdf2 f4 47. Nf3 Rg7 48. Ne1 Reg8 49. Rd2 Kg5 50. Rdf2 Kh5 51. Rd2 Kg5 52. Rdf2 1/2-1/2

[Event "Elista ol (Men)"]
[Site "Elista"]
[Date "1998.10.10"]
[Round "11"]
[White "Rublevsky, Sergei"]
[Black "Vaganian, Rafael A"]
[Result "0-1"]
[WhiteElo "2685"]
[BlackElo "2630"]
[PlyCount "74"]
[EventDate "1998.09.29"]
[Source "ChessBase"]
[SourceDate "1998.11.06"]

1. e4 e6 2. d4 d5 3. Nd2 c5 4. exd5 exd5 5. Bb5+ Nc6 6. Ngf3 Bd6 7. dxc5 Bxc5 8. O-O Nge7 9. c4 O-O 10. Nb3 Bd6 11. Bxc6 bxc6 12. c5 Bc7 13. Nbd4 Bg4 14. Bg5 f6 15. Bh4 Be5 16. Qd2 Bxf3 17. Nxf3 Qd7 18. Rae1 Ng6 19. Bg3 Rfe8 20. Re2 Re7 21. Rfe1 Rae8 22. Kf1 Qb7 23. Qd3 Qb4 24. Nxe5 Nxe5 25. Bxe5 Rxe5 26. Rxe5 fxe5 27. Qc2 e4 28. Qc3 Qa4 29. b3 Qa6+ 30. Re2 Rd8 31. Qd4 Qb5 32. Qe5 h6 33. Qe6+ Kh8 34. Qe7 Rg8 35. f3 exf3 36. gxf3 a5 37. Qd6 Re8 0-1

[Event "Moskou ch-URS"]
[Site "Moskou ch-URS"]
[Date "1973.10.??"]
[Round "?"]
[White "Tal, Mikhail N"]
[Black "Korchnoi, Viktor L"]
[Result "1/2-1/2"]
[WhiteElo "2660"]
[BlackElo "2650"]
[PlyCount "26"]
[EventDate "1973.??.??"]
[Source "www.chesslib.no"]
[SourceDate "2004.05.04"]

1. e4 e6 2. d4 d5 3. Nd2 c5 4. exd5 exd5 5. Ngf3 Nc6 6. Bb5 Bd6 7. dxc5 Qe7+ 8. Qe2 Qxe2+ 9. Kxe2 Bxc5 10. Nb3 Bb6 11. Be3 Bg4 12. h3 Bh5 13. Bxb6 axb6 1/2-1/2

[Event "URS-ch41"]
[Site "Moscow"]
[Date "1973.10.20"]
[Round "13"]
[White "Tal, Mihail"]
[Black "Kortschnoj, Viktor"]
[Result "1/2-1/2"]
[WhiteElo "2660"]
[BlackElo "2650"]
[PlyCount "127"]
[EventDate "1973.10.02"]
[Source "ChessBase"]

1. e4 e6 2. d4 d5 3. Nd2 c5 4. exd5 exd5 5. Ngf3 Nc6 6. Bb5 Bd6 7. dxc5 Qe7+ 8. Qe2 Qxe2+ 9. Kxe2 Bxc5 10. Nb3 Bb6 11. Be3 Bg4 12. h3 Bh5 13. Bxb6 axb6 14. Nbd4 Nge7 15. Rhe1 O-O 16. Kf1 Rfc8 17. c3 Rc7 18. a4 Kf8 19. Ne5 Rd8 20. g4 Bg6 21. Rad1 Nxd4 22. Rxd4 Nc6 23. Rd2 f6 24. Nxg6+ hxg6 25. Red1 Rcd7 26. Bc4 d4 27. cxd4 Rxd4 28. Rxd4 Nxd4 29. f4 g5 30. fxg5 fxg5 31. Kf2 Ke7 32. Rd2 Kf6 33. Ke3 Ke5 34. Bf1 Rd6 35. Bg2 b5 36. axb5 b6 37. Bf1 Rd8 38. Rf2 Rd6 39. Rd2 Rd8 40. Rf2 Rd6 41. Rf7 Nc2+ 42. Ke2 Nd4+ 43. Ke3 Nc2+ 44. Ke2 Nd4+ 45. Kd3 Nf5+ 46. Kc3 Ne3 47. Bc4 g6 48. Rc7 Ng2 49. Re7+ Kf4 50. Bf1 Ne3 51. Rf7+ Kg3 52. Bd3 Nd5+ 53. Kc4 Nf4 54. Be4 Kxh3 55. Bc6 Kxg4 56. Rb7 Kf5 57. Rxb6 g4 58. Ra6 g3 59. Ra3 g2 60. Rg3 Rd2 61. b3 Rc2+ 62. Kb4 Ke5 63. Rg5+ Kd6 64. Rg4 1/2-1/2

[Event "Presidents Cup"]
[Site "Elista"]
[Date "1998.05.12"]
[Round "2.4"]
[White "Georgiev, Kiril"]
[Black "Vaganian, Rafael A"]
[Result "1/2-1/2"]
[WhiteElo "2675"]
[BlackElo "2630"]
[PlyCount "109"]
[EventDate "1998.05.07"]
[Source "ChessBase"]
[SourceDate "1998.08.06"]

1. e4 e6 2. d4 d5 3. Nd2 c5 4. Ngf3 Nc6 5. exd5 exd5 6. Bb5 Bd6 7. dxc5 Bxc5 8. O-O Nge7 9. Nb3 Bd6 10. Re1 O-O 11. Bg5 Bg4 12. Bh4 Re8 13. Bg3 Bxg3 14. hxg3 Qb6 15. Bd3 a5 16. Bxh7+ Kf8 17. Qd2 Bxf3 18. gxf3 a4 19. Nc1 Nd4 20. Kg2 Qf6 21. Re3 g6 22. Nd3 Kg7 23. Rh1 Nef5 24. Rxe8 Rxe8 25. Nf4 Rh8 26. c3 Ne6 27. Nxd5 Qe5 28. Re1 Nh4+ 29. gxh4 Qxd5 30. Qxd5 Nf4+ 31. Kg3 Nxd5 32. Re5 Rd8 33. Bxg6 Kxg6 34. c4 Nb4 35. Ra5 Rd2 36. a3 Nc6 37. Rb5 Rc2 38. Rxb7 Rxc4 39. h5+ Kxh5 40. Rxf7 Kg6 41. Rb7 Nd4 42. Kf4 Nb3+ 43. Ke3 Rc2 44. Rb4 Rxb2 45. Rxa4 Nc5 46. Ra5 Ne6 47. f4 Kf6 48. f3 Rc2 49. Ra6 Rc4 50. a4 Kf5 51. Ra5+ Kf6 52. Ra6 Kf5 53. Ra5+ Kf6 54. Ra6 Kf5 55. Ra5+ 1/2-1/2

[Event "Groningen"]
[Site "Groningen"]
[Date "1995.??.??"]
[Round "2"]
[White "Tiviakov, Sergei"]
[Black "Lautier, Joel"]
[Result "1/2-1/2"]
[WhiteElo "2655"]
[BlackElo "2645"]
[PlyCount "57"]
[EventDate "1995.12.??"]
[Source "ChessBase"]

1. e4 c5 2. Nf3 e6 3. c3 d5 4. exd5 exd5 5. d4 Nc6 6. Bb5 Bd6 7. dxc5 Bxc5 8. O-O Nge7 9. Nbd2 O-O 10. Nb3 Bb6 11. Re1 Nf5 12. Bd3 h6 13. Bc2 Qd6 14. Bxf5 Bxf5 15. Be3 Bg4 16. Bxb6 axb6 17. h3 Bh5 18. Qd3 Bxf3 19. Qxf3 Rfd8 20. Qe3 d4 21. cxd4 Nb4 22. Qe4 Qd5 23. Qxd5 Rxd5 24. Re7 Rxa2 25. Rxa2 Nxa2 26. Rxb7 Rb5 27. Nc5 Rxb2 28. Nd7 Nc3 29. Rb8+ 1/2-1/2

[Event "GER-ARM"]
[Site "Baden-Baden"]
[Date "1996.??.??"]
[Round "3"]
[White "Akopian, Vladimir"]
[Black "Jussupow, Artur"]
[Result "1/2-1/2"]
[WhiteElo "2630"]
[BlackElo "2665"]
[PlyCount "62"]
[EventDate "1996.07.31"]
[Source "ChessBase"]

1. d4 e6 2. e4 d5 3. Nd2 c5 4. exd5 exd5 5. Ngf3 Nc6 6. Bb5 Bd6 7. dxc5 Bxc5 8. O-O Nge7 9. Nb3 Bd6 10. Re1 O-O 11. Bd3 h6 12. h3 Nf5 13. c3 Bc7 14. Bc2 Qd6 15. Qd3 g6 16. g4 Bb6 17. Kg2 Bxf2 18. Kxf2 Qg3+ 19. Ke2 Nh4 20. Qe3 Bxg4 21. hxg4 Rae8 22. Nxh4 Qxh4 23. Kd2 Rxe3 24. Rxe3 Qh2+ 25. Kd1 Qg1+ 26. Kd2 Rc8 27. Bd1 d4 28. Nxd4 Rd8 29. Kc2 Nxd4+ 30. cxd4 Rxd4 31. Bd2 Rd8 1/2-1/2

[Event "ct"]
[Site "?"]
[Date "1980.??.??"]
[Round "?"]
[White "Huebner, Robert"]
[Black "Korchnoi, Viktor L"]
[Result "1/2-1/2"]
[WhiteElo "2600"]
[BlackElo "2695"]
[PlyCount "100"]
[EventDate "1980.??.??"]
[Source "www.chesslib.no"]
[SourceDate "2004.05.04"]

1. e4 e6 2. d4 d5 3. Nd2 c5 4. exd5 exd5 5. Bb5+ Nc6 6. Ngf3 cxd4 7. Qe2+ Qe7 8. Nxd4 Qxe2+ 9. Kxe2 Bd7 10. N2f3 Nxd4+ 11. Nxd4 Bc5 12. Rd1 Ne7 13. Be3 Bxd4 14. Bxd7+ Kxd7 15. Rxd4 Rhc8 16. c3 Rc4 17. Rad1 Rxd4 18. Bxd4 f6 19. c4 Kc6 20. cxd5+ Nxd5 21. g4 Re8+ 22. Kf3 b6 23. h4 Re7 24. h5 Nc7 25. Kg3 Nd5 26. Kf3 Nc7 27. b3 Ne6 28. Be3 Re8 29. Rc1+ Kd7 30. Rc4 Re7 31. a4 Re8 32. b4 Ng5+ 33. Kf4 Re5 34. b5 Ne6+ 35. Kg3 f5 36. gxf5 Rxf5 37. Kg4 Re5 38. Bc1 g6 39. hxg6 hxg6 40. Be3 Rf5 41. Kg3 Ng7 42. Kg2 Rd5 43. Bf4 Ne6 44. Bb8 Rg5+ 45. Kf1 Rc5 46. Re4 Rc1+ 47. Kg2 Nc5 48. Rg4 a6 49. Rxg6 axb5 50. axb5 Ne6 1/2-1/2

[Event "Linares"]
[Site "Linares"]
[Date "1992.??.??"]
[Round "2"]
[White "Speelman, Jonathan S"]
[Black "Jussupow, Artur"]
[Result "0-1"]
[WhiteElo "2630"]
[BlackElo "2655"]
[PlyCount "66"]
[EventDate "1992.02.??"]
[Source "ChessBase"]

1. e4 e6 2. d4 d5 3. Nd2 c5 4. Ngf3 Nc6 5. exd5 exd5 6. Bb5 Bd6 7. dxc5 Bxc5 8. Nb3 Bd6 9. O-O Nge7 10. a4 O-O 11. a5 Qc7 12. c3 Bf5 13. Ra4 Be4 14. h3 Rad8 15. Bd3 Qd7 16. Ng5 f5 17. Be2 Bc7 18. g3 b6 19. Be3 h6 20. axb6 axb6 21. Nxe4 fxe4 22. Bg4 Nf5 23. Nd4 Ncxd4 24. Bxd4 h5 25. Bxf5 Rxf5 26. Ra7 Qd6 27. Qe2 Rf3 28. h4 Rdf8 29. Rfa1 R8f7 30. Ra8+ Kh7 31. c4 Qg6 32. R8a3 Qg4 33. Rxf3 Rxf3 0-1

[Event "Interzonal"]
[Site "Manila PHI"]
[Date "1990.??.??"]
[Round "?"]
[White "Ivanchuk, Vassily"]
[Black "Dolmatov, Sergey V"]
[Result "1/2-1/2"]
[WhiteElo "2665"]
[BlackElo "2620"]
[PlyCount "54"]
[EventDate "1990.??.??"]
[Source "www.chesslib.no"]
[SourceDate "2004.05.04"]

1. e4 e6 2. d4 d5 3. Nd2 c5 4. exd5 exd5 5. Bb5+ Nc6 6. Ngf3 cxd4 7. Qe2+ Qe7 8. Ne5 Bd7 9. Bxc6 bxc6 10. O-O Kd8 11. Nb3 f6 12. Bg5 fxg5 13. Na5 Qe8 14. f4 gxf4 15. Rxf4 Nf6 16. Rxd4 Rb8 17. Nb3 Rxb3 18. axb3 Bc5 19. Qe3 Kc8 20. h3 Qe6 21. b4 Bxd4 22. Qxd4 Re8 23. Nxd7 Nxd7 24. Rxa7 Kb8 25. Ra6 Qe1+ 26. Kh2 Qe5+ 27. Qxe5+ Nxe5 1/2-1/2

[Event "Linares"]
[Site "Linares"]
[Date "1989.??.??"]
[Round "?"]
[White "Hjartarson, Johann"]
[Black "Short, Nigel D"]
[Result "0-1"]
[WhiteElo "2615"]
[BlackElo "2650"]
[PlyCount "94"]
[EventDate "1989.01.??"]
[Source "ChessBase"]

1. e4 e6 2. d4 d5 3. Nd2 c5 4. exd5 exd5 5. Ngf3 Nc6 6. Bb5 Bd6 7. dxc5 Bxc5 8. O-O Nge7 9. Nb3 Bd6 10. Re1 O-O 11. Bg5 Bg4 12. Be2 Re8 13. c3 h6 14. Bh4 Qb6 15. Bxe7 Rxe7 16. h3 Be6 17. Bf1 Rd8 18. Nfd4 Bc8 19. Qc2 g6 20. Rxe7 Bxe7 21. Re1 Bf6 22. Nf3 Kg7 23. Qd2 Bf5 24. g3 Be4 25. Bg2 Bxf3 26. Bxf3 a5 27. Qf4 d4 28. Bxc6 bxc6 29. Nxd4 Qxb2 30. Nxc6 Rc8 31. Ne5 Qxc3 32. Re3 Qa1+ 33. Kh2 Rc5 34. Nd3 Rh5 35. g4 Rb5 36. Re8 Rd5 37. Qf3 Qxa2 38. Nf4 Re5 39. Ra8 Qc4 40. Kg2 Bg5 41. Nd3 Rd5 42. Nb2 Qd4 43. Qa3 Qe4+ 44. Qf3 Qd4 45. Qa3 Rd8 46. Rxd8 Bxd8 47. Na4 Bh4 0-1

[Event "FRA-chT 9900"]
[Site "France"]
[Date "2000.05.01"]
[Round "11.2"]
[White "Adams, Michael"]
[Black "Vaisser, Anatoli"]
[Result "1-0"]
[WhiteElo "2715"]
[BlackElo "2549"]
[PlyCount "127"]
[EventDate "2000.02.04"]
[Source "www.chesslib.no"]
[SourceDate "2004.05.04"]

1. e4 e6 2. d4 d5 3. Nd2 c5 4. Ngf3 Nc6 5. exd5 exd5 6. Bb5 cxd4 7. Nxd4 Bd7 8. N2f3 Nf6 9. O-O Be7 10. Bxc6 bxc6 11. Ne5 Rc8 12. Nxd7 Qxd7 13. Qf3 g6 14. b3 O-O 15. Bb2 Ne4 16. Ne2 Qd6 17. Rad1 Bf6 18. Bxf6 Nxf6 19. Qf4 Qxf4 20. Nxf4 Rfe8 21. f3 g5 22. Nd3 c5 23. Rfe1 Rxe1+ 24. Nxe1 Kf8 25. c3 a5 26. Nc2 Re8 27. Kf2 g4 28. Ne3 gxf3 29. Kxf3 Re5 30. a3 Ke7 31. b4 axb4 32. axb4 cxb4 33. cxb4 Ke6 34. b5 Re4 35. Rc1 Ke5 36. Rc7 Rf4+ 37. Ke2 Ne4 38. Ke1 Nd6 39. b6 Ra4 40. Ra7 Re4 41. Kd2 Rd4+ 42. Ke2 Re4 43. Re7+ Kd4 44. Rxe4+ Kxe4 45. Ng4 Kd4 46. Nh6 Kc5 47. Nxf7 Nb7 48. g4 Kxb6 49. Ng5 Kc6 50. Nxh7 Kd6 51. Ng5 Ke5 52. Kf3 Nc5 53. h4 Nd7 54. h5 Nf8 55. Kg3 d4 56. Nf3+ Ke4 57. Nxd4 Kxd4 58. Kf4 Kd5 59. Kf5 Kd6 60. Kf6 Nh7+ 61. Kg7 Ng5 62. Kg6 Ne6 63. Kf6 Nf8 64. h6 1-0

[Event "Russia (ch) 74/298"]
[Site "?"]
[Date "1998.??.??"]
[Round "?"]
[White "Rublevsky, Sergei"]
[Black "Dolmatov, Sergey"]
[Result "1/2-1/2"]
[WhiteElo "2685"]
[BlackElo "2575"]
[PlyCount "95"]
[EventDate "1998.??.??"]
[Source "ChessBase"]
[SourceDate "1998.10.01"]

1. e4 e6 2. d4 d5 3. Nd2 c5 4. exd5 exd5 5. Bb5+ Nc6 6. Ngf3 Bd6 7. dxc5 Bxc5 8. O-O Nge7 9. Nb3 Bd6 10. Re1 O-O 11. Bd3 h6 12. h3 Nf5 13. c3 Qf6 14. Bc2 Rd8 15. Qd3 g6 16. Bd2 a5 17. a4 b6 18. Be3 Ba6 19. Qd2 Nxe3 20. Qxe3 Kg7 21. Bd3 Re8 22. Qd2 Bc4 23. Nbd4 Nxd4 24. Nxd4 Bc5 25. Nf3 Rad8 26. Rxe8 Rxe8 27. Bxc4 dxc4 28. Re1 Qc6 29. Rxe8 Qxe8 30. Qd1 Qc6 31. Kf1 Qe8 32. Nd2 Qd7 33. Qc2 b5 34. Ne4 Bb6 35. axb5 Qxb5 36. Qe2 Bc7 37. g3 a4 38. h4 h5 39. Qd2 Be5 40. f4 Qc6 41. Qe3 Bc7 42. Nd2 Bb6 43. Qe5+ Kg8 44. Ne4 f5 45. Nf6+ Kf7 46. Nd5 Bc5 47. Ke2 Qe6 48. Qxe6+ 1/2-1/2

[Event "Linares"]
[Site "Linares"]
[Date "1990.??.??"]
[Round "11"]
[White "Ljubojevic, Ljubomir"]
[Black "Short, Nigel D"]
[Result "1/2-1/2"]
[WhiteElo "2625"]
[BlackElo "2635"]
[PlyCount "62"]
[EventDate "1990.02.??"]
[Source "ChessBase"]

1. e4 e6 2. d4 d5 3. Nd2 c5 4. Ngf3 Nc6 5. exd5 exd5 6. Bb5 Bd6 7. dxc5 Bxc5 8. Nb3 Bd6 9. O-O Nge7 10. Re1 O-O 11. c3 Bg4 12. Be2 Re8 13. Nfd4 Bxe2 14. Rxe2 Qd7 15. Nb5 Be5 16. Nc5 Qf5 17. Rxe5 Qxe5 18. Nd3 Qf6 19. Nc7 d4 20. c4 Ng6 21. Nxa8 Rxa8 22. Qe2 Nce5 23. Nxe5 Nxe5 24. Bd2 h6 25. Re1 Nc6 26. Qe4 Rd8 27. h3 a5 28. Kf1 Qd6 29. Kg1 Qf6 30. Kf1 Qd6 31. Kg1 Qf6 1/2-1/2

[Event "Ter Apel"]
[Site "Ter Apel"]
[Date "1996.??.??"]
[Round "2"]
[White "Svidler, Peter"]
[Black "Andersson, Ulf"]
[Result "1/2-1/2"]
[WhiteElo "2630"]
[BlackElo "2630"]
[PlyCount "39"]
[EventDate "1996.03.??"]
[Source "ChessBase"]

1. e4 e6 2. d4 d5 3. Nd2 c5 4. Ngf3 Nc6 5. exd5 exd5 6. Bb5 Bd6 7. dxc5 Bxc5 8. O-O Nge7 9. Nb3 Bd6 10. Re1 O-O 11. Bg5 Qc7 12. c3 a6 13. Bd3 Bg4 14. h3 Bh5 15. Be2 Bg6 16. Nfd4 Rfe8 17. Bd3 Ne5 18. Bxg6 hxg6 19. Re2 Nc4 20. Qc2 1/2-1/2

[Event "IBM"]
[Site "Amsterdam"]
[Date "1980.??.??"]
[Round "?"]
[White "Dolmatov, Sergey"]
[Black "Karpov, Anatoly"]
[Result "1/2-1/2"]
[WhiteElo "2535"]
[BlackElo "2725"]
[PlyCount "33"]
[EventDate "1980.06.??"]
[Source "ChessBase"]

1. e4 e6 2. d4 d5 3. Nd2 c5 4. exd5 exd5 5. Ngf3 Nc6 6. Bb5 Bd6 7. dxc5 Bxc5 8. O-O Nge7 9. Nb3 Bd6 10. Bg5 O-O 11. Re1 Bg4 12. Be2 a6 13. c3 Qc7 14. h3 Bh5 15. Bxe7 Nxe7 16. Nfd4 Bxe2 17. Qxe2 1/2-1/2

[Event "Skelleftea m"]
[Site "Skelleftea"]
[Date "2001.04.12"]
[Round "3"]
[White "Hansen, Curt"]
[Black "Andersson, Ulf"]
[Result "1/2-1/2"]
[WhiteElo "2619"]
[BlackElo "2640"]
[PlyCount "87"]
[EventDate "2001.04.10"]
[Source "ChessBase"]
[SourceDate "2001.07.05"]

1. e4 e6 2. d4 d5 3. Nd2 c5 4. exd5 exd5 5. Ngf3 Nc6 6. Bb5 Bd6 7. dxc5 Bxc5 8. O-O Nge7 9. Nb3 Bd6 10. Re1 O-O 11. Bg5 Qc7 12. c3 Bg4 13. h3 Bh5 14. Be2 a6 15. Nh4 Bxe2 16. Rxe2 Rad8 17. Qc2 h6 18. Bxe7 Bxe7 19. Nf3 Rd7 20. Rd1 Rfd8 21. Rd3 Bf8 22. Qd1 b5 23. a3 g6 24. Red2 Ne7 25. Nbd4 h5 26. Re2 Bg7 27. Qe1 Nc8 28. Ne5 Rd6 29. Rf3 Rf6 30. Nec6 Rf8 31. Nb4 Rxf3 32. Nxf3 Qd6 33. Qd1 Rd8 34. Qxd5 Qxd5 35. Nxd5 Rxd5 36. Re8+ Bf8 37. Rxc8 Rd1+ 38. Kh2 Rb1 39. Ne5 Kg7 40. f4 Bd6 41. Rc6 Bxe5 42. fxe5 Rxb2 43. Rxa6 Rb3 44. e6 1/2-1/2

[Event "Skelleftea m"]
[Site "Skelleftea"]
[Date "2001.04.15"]
[Round "5"]
[White "Hansen, Curt"]
[Black "Andersson, Ulf"]
[Result "1-0"]
[WhiteElo "2619"]
[BlackElo "2640"]
[PlyCount "95"]
[EventDate "2001.04.10"]
[Source "ChessBase"]
[SourceDate "2001.07.05"]

1. e4 e6 2. d4 d5 3. Nd2 c5 4. exd5 exd5 5. Ngf3 Nc6 6. Bb5 Bd6 7. dxc5 Bxc5 8. O-O Nge7 9. Nb3 Bd6 10. Re1 O-O 11. Bg5 Qc7 12. h3 h6 13. Bxe7 Nxe7 14. Bd3 a6 15. c3 Bd7 16. Nbd4 g6 17. Qc2 Rae8 18. Re3 Kg7 19. Rae1 Qb6 20. Ne5 Bxe5 21. Rxe5 Nc6 22. Nxc6 Bxc6 23. a3 d4 24. b4 Rxe5 25. Rxe5 dxc3 26. Qxc3 Kg8 27. Bc4 Re8 28. Qg3 Bb5 29. Bd5 Rxe5 30. Qxe5 Qd8 31. Bxb7 Qd1+ 32. Kh2 Qd2 33. Qe3 Qd6+ 34. g3 g5 35. Bf3 Kg7 36. Kg2 Qf6 37. Kh2 Bc6 38. Bxc6 Qxc6 39. Qd4+ f6 40. Qd3 h5 41. Qd1 Kg6 42. a4 Kh6 43. Qb3 h4 44. gxh4 gxh4 45. b5 axb5 46. axb5 Qc7+ 47. Kg2 Qg7+ 48. Kf1 1-0